| 000 | 00977cam a2200253 a 4500 | ||
|---|---|---|---|
| 001 | 000014444 | ||
| 005 | 20200929163843.0 | ||
| 008 | 940712s1993 ve b 000 0 spa | ||
| 020 | _a9800007172 | ||
| 040 |
_aDO-SdBNP _bspa _cDLC _dBNPHU |
||
| 082 |
_a320. 98 _bR741d |
||
| 100 | 1 |
_aRoitman Rosenmann, Marcos. _d1955- _932588 |
|
| 245 | 1 | 0 |
_aDemocracia y política en América Latina / _cMarcos Roitman Rosenmann ; prólogo Nelson Prato Barbosa. |
| 260 |
_aCaracas, (Venezuela) : _bCENDES, _c1993. |
||
| 300 |
_a199 p. ; _c21 cm. |
||
| 490 | 1 |
_aJosé Agustín Silva Michelena _v4 |
|
| 504 | _aIncluye referencias bibliográficas. | ||
| 650 | 4 |
_aDemocracia _zAmérica Latina _xEnsayos conferencias etc. _932589 |
|
| 651 | 4 |
_aAmérica Latina _xPolítica Y Gobierno _xEnsayos Conferencias Etc. _y1980- _932590 |
|
| 700 | 1 |
_aPrato Barbosa, Nelson _epról. _932591 |
|
| 830 | 0 |
_aJosé Agustín Silva Michelena ; _v4 _932109 |
|
| 910 | _aCatalogación por copia / LC | ||
| 049 | _aBNGR | ||
| 999 |
_c14034 _d14034 |
||